Banderas de Países Fusionadas - Estadísticas

Estadísticas generales
  • Esta prueba ha sido intentada 47 veces
  • La puntuación promedio es 11 de 16
Estadísticas de respuestas
Imagen Respuesta % Correcto
China y Vietnam
98%
Chipre y Kosovo
95%
India y Níger
83%
Baréin y Marruecos
78%
Arabia Saudí y Zambia
75%
El Salvador y Nicaragua
73%
Cabo Verde e Islandia
70%
Egipto y Sudán
68%
Estados Unidos y Malasia
68%
Filipinas y Haití
63%
Costa de Marfil e Irlanda
60%
Irán y Kuwait
60%
Argelia y Pakistán
58%
San Cristóbal y Nieves y Tanzania
53%
Mauritania y Namibia
45%
Emiratos Árabes Unidos y Siria
43%
No se encontraron pruebas coincidentes
Distribución de puntuación
Porcentaje de gente con cada puntuación
Porcentaje por número respondido
Historial de tus puntuaciones
No has intentado esta prueba.